00695nam a2200241 a 4500001001300000003000900013005001700022008004100039020002400080082001600104100001600120245002600136260003700162300000900199500003500208505001000243650002100253700001600274902000800290942000700298952013100305999001700436nice12345678IN_TiNIC20260116014052.0050524s1995 newa grp 000 0 eng  a0879754 c119300a248.24bWAR aWarraq, Ibn aWhy I Am Not a Muslim aNew YorkbPrometheus Book c1995 a402p aincludes index and biblioraphy2 aIndex aConversion-Islam1 aWarraq, Ibn bSRS cBK 001040708StackRoom-aHMIbHMId2007-07-06g1193.00l1o248.24 WARp020127r2019-07-23s2019-07-15v1193.00w2005-05-24yBK c13736d13736